MARC

LEADER 00000nam0a2200000 4500
001 29854
005 20231101205933.0
010 |a 5816300148 
035 |a (RuTPU)RU\TPU\book\30120 
035 |a BOOK00030196 
090 |a 29854 
100 |a 20011209d2000 k y0rusy50 ca 
101 1 |a rus  |c eng 
102 |a RU 
105 |a y z 001zy 
200 1 |a Избранные философские произведения  |e пер. с англ.  |f Ч. С. Пирс 
210 |a Москва  |c Логос  |d 2000 
215 |a 412 с. 
225 1 |a Университетская библиотека 
320 |a Библиогр.: с. 408-410. 
606 1 |a Американская философия  |x США  |2 stltpush  |3 (RuTPU)RU\TPU\subj\28890  |9 52352 
610 1 |a философия 
610 1 |a 19 век 
610 1 |a прагматизм 
610 1 |a знак 
610 1 |a категории 
610 1 |a феноменология 
610 1 |a метафизика 
686 |a Ю3(7США)  |v LBC/SL-A  |2 rubbk 
700 1 |a Пирс  |b Ч. С.  |c американский философ  |c логик  |c математик  |c естествоиспытатель  |f 1839-1914  |g Чарлз Сандерс  |2 stltpush  |3 (RuTPU)RU\TPU\pers\396  |9 196 
801 0 |a RU  |b 63413507  |c 20011209  |g PSBO 
801 2 |a RU  |b 63413507  |c 20141215  |g PSBO 
942 |c BK